[Event "Chigorin Memorial"]
[Site "St Petersburg"]
[Date "2015.10.09"]
[Round "7.144"]
[White "Martynov, Petr"]
[Black "Sergeyev, Dmitriy"]
[Result "1/2-1/2"]
[WhiteElo "1889"]
[BlackElo "2077"]
[PlyCount "81"]
[EventDate "2015.10.03"]
[EventRounds "9"]
[EventCountry "RUS"]

1. e4 c5 2. Nf3 Nf6 3. Nc3 d5 4. exd5 Nxd5 5. Bc4 Nb6 6. Bb5+ Bd7 7. Bxd7+ Qxd7
8. O-O Nc6 9. d3 e6 10. Bg5 h6 11. Bh4 Nd5 12. Nxd5 Qxd5 13. Bg3 g5 14. Re1 Bg7
15. Qe2 Bxb2 16. c4 Qf5 17. Qxb2 O-O-O 18. Ne5 Nb8 19. Rab1 b6 20. Qb5 Kb7 21.
a4 f6 22. a5 fxe5 23. axb6 a6 24. Qxc5 Nc6 25. Bxe5 Rxd3 26. Bd6 Qxc5 27. Bxc5
Rc3 28. Rxe6 Rxc4 29. Be3 a5 30. g3 a4 31. Rd6 Rh7 32. Kg2 Ne5 33. Rb5 Rc6 34.
Ra5 Rxd6 35. Ra7+ Kb8 36. Rxh7 Nc4 37. Bc5 Rc6 38. Rh8+ Kb7 39. Rh7+ Kb8 40.
Rh8+ Kb7 41. Rh7+ 1/2-1/2

[Event "Chigorin Memorial"]
[Site "St Petersburg"]
[Date "2015.10.09"]
[Round "7.145"]
[White "Nikitinyh, Boris"]
[Black "Kashin, Yury"]
[Result "1-0"]
[WhiteElo "2065"]
[BlackElo "1848"]
[PlyCount "71"]
[EventDate "2015.10.03"]
[EventRounds "9"]
[EventCountry "RUS"]

1. e4 e6 2. Nc3 d5 3. g3 c6 4. Bg2 g6 5. d4 Bg7 6. Nf3 Ne7 7. O-O O-O 8. Re1
Nd7 9. Bf4 b5 10. Qd2 Nb6 11. b3 Bb7 12. Bh6 b4 13. Nd1 dxe4 14. Bxg7 Kxg7 15.
Rxe4 Nbd5 16. Ne3 Nc3 17. Rh4 h5 18. Ne5 Rh8 19. Nd1 f6 20. Nd3 g5 21. Nc5 gxh4
22. Nxe6+ Kf7 23. Nxd8+ Raxd8 24. Nxc3 bxc3 25. Qxc3 hxg3 26. hxg3 h4 27. Re1
Rhe8 28. gxh4 Nf5 29. Rxe8 Rxe8 30. Bxc6 Rg8+ 31. Kf1 Ba6+ 32. Ke1 Rg1+ 33. Kd2
Nxh4 34. Qh3 Ng6 35. Qh7+ Kf8 36. Bd5 1-0

[Event "Chigorin Memorial"]
[Site "St Petersburg"]
[Date "2015.10.09"]
[Round "7.146"]
[White "Efimenko, Aleksandr"]
[Black "Kopasov, Evgeny"]
[Result "0-1"]
[WhiteElo "1871"]
[BlackElo "2050"]
[PlyCount "102"]
[EventDate "2015.10.03"]
[EventRounds "9"]
[EventCountry "RUS"]

1. e4 c5 2. Nc3 Nc6 3. f4 e6 4. Nf3 g6 5. Bc4 Bg7 6. f5 Nge7 7. fxe6 fxe6 8.
O-O O-O 9. d3 d5 10. Bb3 Na5 11. Bg5 Nxb3 12. axb3 d4 13. Ne2 e5 14. Qe1 Qc7
15. Qh4 Nc6 16. Rf2 Be6 17. Raf1 Rae8 18. Kh1 Nd8 19. Neg1 Nf7 20. Bd2 b5 21.
g4 Qe7 22. g5 Bd7 23. Qg3 Nd8 24. h4 Qd6 25. Nh3 Re7 26. Nh2 Ref7 27. Ng4 Bxg4
28. Qxg4 Qe6 29. Qxe6 Nxe6 30. Kg2 Rxf2+ 31. Rxf2 Rxf2+ 32. Nxf2 Kf7 33. Ng4
Nd8 34. Nh2 Ke6 35. Kg3 Bf8 36. Kg4 Nc6 37. h5 Nb4 38. Bxb4 cxb4 39. Nf1 a5 40.
Ng3 a4 41. Ne2 a3 42. bxa3 bxa3 43. Nc1 gxh5+ 44. Kxh5 Kf7 45. Na2 Kg7 46. Kg4
Kg6 47. c4 dxc3 48. Nxc3 Be7 49. Na2 Bxg5 50. Nb4 Bd2 51. Na2 h5+ 0-1

[Event "Chigorin Memorial"]
[Site "St Petersburg"]
[Date "2015.10.09"]
[Round "7.147"]
[White "Zhemchuzhina, Elizaveta"]
[Black "Movldiev, Ibragim"]
[Result "1/2-1/2"]
[WhiteElo "1857"]
[BlackElo "2047"]
[PlyCount "83"]
[EventDate "2015.10.03"]
[EventRounds "9"]
[EventCountry "RUS"]

1. d4 Nf6 2. c4 c5 3. d5 e6 4. Nc3 exd5 5. cxd5 d6 6. e4 g6 7. h3 Bg7 8. Nf3
O-O 9. Bd3 Na6 10. a3 Re8 11. O-O Nc7 12. Re1 Rb8 13. Bg5 h6 14. Bh4 g5 15. Bg3
Nh5 16. Bh2 g4 17. hxg4 Bxg4 18. Nb5 Be5 19. Nxc7 Qxc7 20. Qd2 Bxf3 21. gxf3
Qd7 22. Qxh6 Qh3 23. Qg5+ Kf8 24. f4 Qxh2+ 25. Kxh2 Bxf4+ 26. Qxf4 Nxf4 27. Bb5
Re5 28. Kg3 Nh5+ 29. Kf3 a6 30. Bd7 Nf6 31. Bf5 Nxd5 32. Rad1 Ne7 33. Rh1 Kg7
34. Rh7+ Kg8 35. Rdh1 Nc6 36. Rh8+ Kg7 37. Rxb8 Nxb8 38. Rd1 Nc6 39. Rxd6 Re7
40. Rd5 Rc7 41. Kg4 Nd4 42. f4 1/2-1/2

[Event "Chigorin Memorial"]
[Site "St Petersburg"]
[Date "2015.10.09"]
[Round "7.148"]
[White "Zemnitskiy, Alexander"]
[Black "Kolesnikova, Kristina"]
[Result "1-0"]
[WhiteElo "1856"]
[BlackElo "2027"]
[PlyCount "109"]
[EventDate "2015.10.03"]
[EventRounds "9"]
[EventCountry "RUS"]

1. e4 c5 2. Nf3 d6 3. d4 cxd4 4. Nxd4 Nf6 5. Nc3 a6 6. Be2 Qc7 7. O-O e6 8. Be3
b5 9. f3 b4 10. Na4 d5 11. c3 bxc3 12. Rc1 Bb4 13. a3 Be7 14. Rxc3 Qd8 15. Nb6
Qxb6 16. Rxc8+ Bd8 17. Qa4+ Nfd7 18. Bb5 Qb7 19. Bxd7+ Nxd7 20. Rxa8 Qxa8 21.
exd5 Qxd5 22. Qxa6 O-O 23. Qb5 Qd6 24. Rc1 Nf6 25. Nc6 Bc7 26. g3 e5 27. Qc5
Re8 28. Qxd6 Bxd6 29. Rd1 Bc7 30. b4 e4 31. Kf2 Ra8 32. b5 exf3 33. Rd3 Ng4+
34. Kxf3 Nxe3 35. Rxe3 Bb6 36. Rc3 Kf8 37. Ne5 Bd4 38. Nd7+ Ke8 39. Rd3 Bg1 40.
Kg2 Be3 41. Nf6+ gxf6 42. Rxe3+ Kd7 43. Kf3 Ra4 44. Rc3 Ra5 45. b6 Rb5 46. Rc7+
Kd8 47. Rc6 Ke7 48. a4 Rb3+ 49. Kg2 h5 50. a5 Kd7 51. Rc7+ Kd8 52. Rxf7 Kc8 53.
b7+ Kb8 54. a6 Ra3 55. Rf8+ 1-0

[Event "Chigorin Memorial"]
[Site "St Petersburg"]
[Date "2015.10.09"]
[Round "7.149"]
[White "Gantsevich, Dmitry"]
[Black "Pavlova, Nataliy"]
[Result "0-1"]
[WhiteElo "1818"]
[BlackElo "2021"]
[PlyCount "70"]
[EventDate "2015.10.03"]
[EventRounds "9"]
[EventCountry "RUS"]

1. Nf3 d5 2. d4 c6 3. c4 e6 4. g3 Nf6 5. Bg2 Bd6 6. O-O O-O 7. Nfd2 Nbd7 8. Nc3
Qe7 9. e4 dxe4 10. Ndxe4 Nxe4 11. Nxe4 e5 12. d5 cxd5 13. Bg5 Nf6 14. Nxf6+
gxf6 15. Bh6 Rd8 16. Bxd5 Kh8 17. Qh5 Be6 18. Be4 f5 19. Bxf5 Bxf5 20. Qxf5 Rg8
21. Rfd1 Rg6 22. Be3 Rf6 23. Qh3 Rg8 24. Rd5 b6 25. Rad1 Rfg6 26. Qf5 Rf6 27.
Qd3 Rgg6 28. h4 e4 29. Qd2 Bxg3 30. Rd8+ Kg7 31. Kh1 Bxh4 32. Rg1 Rxg1+ 33.
Kxg1 Rg6+ 34. Kh2 Qxd8 35. Bd4+ Bf6 0-1

[Event "Chigorin Memorial"]
[Site "St Petersburg"]
[Date "2015.10.09"]
[Round "7.150"]
[White "Levin, Evgeny"]
[Black "Gordon, Evgeny"]
[Result "1/2-1/2"]
[WhiteElo "1813"]
[BlackElo "2015"]
[PlyCount "83"]
[EventDate "2015.10.03"]
[EventRounds "9"]
[EventCountry "RUS"]

1. d4 d5 2. Nf3 Nf6 3. Nbd2 Bf5 4. Nh4 Bc8 5. e3 e6 6. g3 c5 7. Bg2 Nc6 8. c3
Be7 9. Nhf3 O-O 10. O-O cxd4 11. exd4 a5 12. a4 b6 13. Re1 Ba6 14. Ne5 Nxe5 15.
dxe5 Nd7 16. Nf3 Nc5 17. Bf1 Bxf1 18. Rxf1 Nd7 19. Be3 Bc5 20. Qe2 Bxe3 21.
Qxe3 Rc8 22. Nd4 Nc5 23. Rfe1 Qd7 24. b3 Qe7 25. f3 Rc7 26. Rab1 Qd7 27. Kg2
Rfc8 28. Nb5 Rc6 29. h4 Qe7 30. Red1 Re8 31. Kh3 Na6 32. Rb2 Qc5 33. Qd3 Nc7
34. Nd6 Rf8 35. Rc2 f6 36. f4 fxe5 37. fxe5 Ne8 38. Nb5 Rc8 39. Nd4 Qe7 40. Rf1
Rxf1 41. Qxf1 Nc7 42. Rf2 1/2-1/2

[Event "Chigorin Memorial"]
[Site "St Petersburg"]
[Date "2015.10.09"]
[Round "7.151"]
[White "Terentev, Mikhail"]
[Black "Fokin, Anatoly"]
[Result "1-0"]
[WhiteElo "2013"]
[BlackElo "1817"]
[PlyCount "69"]
[EventDate "2015.10.03"]
[EventRounds "9"]
[EventCountry "RUS"]

1. e4 d6 2. d4 Nf6 3. Nc3 e5 4. Nf3 Nbd7 5. g4 Nxg4 6. Rg1 Ngf6 7. Bc4 h6 8.
Be3 c6 9. dxe5 dxe5 10. Qd3 Qc7 11. Bxf7+ Kxf7 12. Qc4+ Ke7 13. Nh4 Kd8 14. Ng6
Rg8 15. O-O-O b5 16. Qe6 Qb7 17. Nxe5 Kc7 18. Nxd7 Bxd7 19. Rxd7+ Nxd7 20. Qxg8
b4 21. Na4 Qb5 22. Bf4+ Kb7 23. Qf7 Rd8 24. Rd1 Ka6 25. Be3 Qe2 26. Rg1 Nb6 27.
Nxb6 axb6 28. Qc7 Bc5 29. Qxd8 Bxe3+ 30. Kb1 Qxf2 31. Qd3+ b5 32. Rf1 Qg2 33.
a3 bxa3 34. Qxa3+ Kb6 35. Qxe3+ 1-0

[Event "Chigorin Memorial"]
[Site "St Petersburg"]
[Date "2015.10.09"]
[Round "7.152"]
[White "Senkevich, Konstantin"]
[Black "Pettersen, Johan"]
[Result "1/2-1/2"]
[WhiteElo "2005"]
[BlackElo "1741"]
[PlyCount "155"]
[EventDate "2015.10.03"]
[EventRounds "9"]
[EventCountry "RUS"]

1. e4 e6 2. d4 d5 3. Nc3 Nf6 4. e5 Nfd7 5. f4 c5 6. Nf3 Nc6 7. Ne2 b5 8. dxc5
Bxc5 9. Ned4 Qb6 10. Be3 a6 11. Qd2 Bb4 12. c3 Bc5 13. b4 Bxd4 14. Nxd4 Qc7 15.
Bd3 Nb6 16. Qf2 Nc4 17. Nxc6 Nxe3 18. Qxe3 Qxc6 19. O-O Bb7 20. Qg3 O-O 21. Qh3
g6 22. Rac1 Kg7 23. Qg3 f5 24. exf6+ Rxf6 25. h4 Raf8 26. h5 Qc7 27. hxg6 hxg6
28. Qg5 Qb6+ 29. Rf2 Qe3 30. Rd1 e5 31. g3 e4 32. Be2 Rf5 33. Qe7+ R8f7 34. Qc5
Qxg3+ 35. Rg2 Qxf4 36. Qd4+ Qe5 37. Qb6 Qf6 38. Qe3 Rc7 39. Rd4 Qc6 40. Bg4 Rf6
41. Rh2 Qd6 42. Qh3 Kf7 43. Rdd2 Ke8 44. Rdf2 Rcf7 45. Qh8+ Ke7 46. Rxf6 Qxf6
47. Qxf6+ Kxf6 48. Rf2+ Ke7 49. Rxf7+ Kxf7 50. Kf2 Kf6 51. Ke3 Ke5 52. Bd7 Kd6
53. Bg4 Bc6 54. Kf4 Bd7 55. Be2 Bf5 56. Bd1 d4 57. cxd4 Kd5 58. Ke3 Kc4 59. a3
Kc3 60. d5 Kc4 61. d6 Kd5 62. a4 Bd7 63. Bb3+ Ke5 64. axb5 axb5 65. Bd1 g5 66.
Bc2 Bc6 67. Bxe4 Kxd6 68. Bf5 Bd7 69. Bd3 Ke5 70. Kf3 Kf6 71. Kg3 Kg7 72. Kf3
Kh6 73. Kg3 Kg7 74. Kf3 Bc6+ 75. Kg4 Kf6 76. Kg3 Bd7 77. Kf3 g4+ 78. Kf4
1/2-1/2

[Event "Chigorin Memorial"]
[Site "St Petersburg"]
[Date "2015.10.09"]
[Round "7.153"]
[White "Kiseleva, Arina"]
[Black "Shirshov, Nikolay"]
[Result "1/2-1/2"]
[WhiteElo "1998"]
[BlackElo "1714"]
[PlyCount "120"]
[EventDate "2015.10.03"]
[EventRounds "9"]
[EventCountry "RUS"]

1. d4 Nf6 2. Nf3 g6 3. c4 Bg7 4. Nc3 O-O 5. e4 d6 6. Be2 c5 7. O-O Re8 8. Re1
Nbd7 9. Bf1 cxd4 10. Nxd4 b6 11. f3 Bb7 12. Be3 a6 13. Qd2 Rc8 14. Rac1 Qc7 15.
Nd5 Qb8 16. b4 Nxd5 17. exd5 Qa8 18. Bh6 Bf6 19. Bg5 a5 20. Bxf6 Nxf6 21. b5
Rc5 22. Qh6 Nxd5 23. cxd5 Bxd5 24. a4 e5 25. Rxc5 bxc5 26. Nc6 Re6 27. Rb1 c4
28. Rc1 Bxc6 29. bxc6 d5 30. c7 Qa7+ 31. Kh1 Qxc7 32. Qd2 Qc5 33. Qc3 Qb4 34.
Qa1 Kg7 35. f4 f6 36. Rb1 Qc5 37. Rb5 Qd4 38. Qxd4 exd4 39. Kg1 Re1 40. Kf2 Ra1
41. Rxa5 d3 42. Rxd5 Rxa4 43. Kf3 Ra3 44. Ke3 Ra2 45. h3 f5 46. g3 Ra1 47. Bxd3
cxd3 48. Rxd3 Rh1 49. h4 Kh6 50. Rd7 Rh3 51. Kf3 Rh2 52. Rc7 Rh1 53. Rd7 Rh2
54. Rc7 Rh1 55. Rd7 Rh2 56. Rc7 Rh1 57. Rd7 Rh2 58. Rc7 Rh1 59. Rd7 Rh2 60. Rc7
Rh1 1/2-1/2

[Event "Chigorin Memorial"]
[Site "St Petersburg"]
[Date "2015.10.09"]
[Round "7.154"]
[White "Gorodnichin, Leonid"]
[Black "Bubnov, Kirill"]
[Result "0-1"]
[WhiteElo "1798"]
[BlackElo "1988"]
[PlyCount "114"]
[EventDate "2015.10.03"]
[EventRounds "9"]
[EventCountry "RUS"]

1. e4 e6 2. d4 d5 3. e5 c5 4. c3 Qb6 5. Nf3 Nc6 6. Be2 cxd4 7. cxd4 Nh6 8. Nc3
Nf5 9. Na4 Bb4+ 10. Kf1 Qd8 11. h4 Be7 12. h5 h6 13. g4 Nh4 14. Nxh4 Bxh4 15.
Be3 O-O 16. Qd2 Be7 17. f4 f6 18. Kg2 fxe5 19. fxe5 Bd7 20. Raf1 Nxe5 21. dxe5
Bxa4 22. Bxh6 Bc6 23. Kh2 d4 24. Rhg1 Rxf1 25. Rxf1 Bd6 26. Kh3 Bxe5 27. Bg5
Qd5 28. Bf3 Qd6 29. h6 Rf8 30. Qd3 Rxf3+ 31. Rxf3 Bxf3 32. Qxf3 Qc6 33. Qxc6
bxc6 34. Kg2 Bf6 35. Bd2 g5 36. Kf3 Kh7 37. Ke4 Kxh6 38. b3 Kg6 39. Bb4 Bg7 40.
Bc5 a6 41. a4 Kf7 42. b4 Bf6 43. Bxd4 Bxd4 44. Kxd4 Kf6 45. Kc5 e5 46. Kxc6 e4
47. b5 axb5 48. axb5 e3 49. b6 e2 50. b7 e1=Q 51. b8=Q Qe4+ 52. Kc5 Qe5+ 53.
Qxe5+ Kxe5 54. Kc4 Kf4 55. Kd3 Kxg4 56. Ke2 Kg3 57. Kf1 Kh2 0-1

[Event "Chigorin Memorial"]
[Site "St Petersburg"]
[Date "2015.10.09"]
[Round "7.155"]
[White "Skafar, Darya"]
[Black "Pankova, Julia"]
[Result "1/2-1/2"]
[WhiteElo "1961"]
[BlackElo "1703"]
[PlyCount "90"]
[EventDate "2015.10.03"]
[EventRounds "9"]
[EventCountry "RUS"]

1. e4 c5 2. Nf3 d6 3. c3 Nf6 4. Bd3 Nc6 5. Bc2 Bg4 6. h3 Bh5 7. d3 d5 8. Qe2
dxe4 9. dxe4 e6 10. Bf4 Bd6 11. Bxd6 Qxd6 12. Nbd2 Qc7 13. O-O-O O-O-O 14. Kb1
Nd7 15. g4 Bg6 16. Qe3 Rhf8 17. Nh4 Ne7 18. f4 f6 19. Nxg6 Nxg6 20. Rdf1 e5 21.
f5 Nf4 22. Nc4 Nb6 23. Nxb6+ Qxb6 24. Rd1 Rxd1+ 25. Rxd1 Rd8 26. Rxd8+ Kxd8 27.
Qd2+ Kc7 28. h4 Qd6 29. Qxd6+ Kxd6 30. Bd1 Ng2 31. h5 Nf4 32. Kc2 a6 33. c4 Kc6
34. Kc3 b6 35. a3 Nh3 36. Bf3 Ng1 37. Bd1 Nh3 38. b3 Nf2 39. Bf3 Nh3 40. Be2
Nf2 41. Bf3 Nh3 42. Kd2 Nf4 43. Ke3 h6 44. Kd2 Kd6 45. Kc3 Kc6 1/2-1/2

[Event "Chigorin Memorial"]
[Site "St Petersburg"]
[Date "2015.10.09"]
[Round "7.156"]
[White "Ismagilov, Damir"]
[Black "Kamnev, Alexander"]
[Result "0-1"]
[WhiteElo "1753"]
[BlackElo "1951"]
[PlyCount "65"]
[EventDate "2015.10.03"]
[EventRounds "9"]
[EventCountry "RUS"]

1. Nf3 d5 2. d4 Nf6 3. Bf4 e6 4. e3 c5 5. c3 Nc6 6. Nbd2 Be7 7. Bd3 O-O 8. Bb1
Re8 9. Qc2 cxd4 10. exd4 Bf8 11. Ne5 g6 12. Bg5 Bg7 13. h4 Qc7 14. f4 Nd7 15.
Ndf3 Ncxe5 16. fxe5 f6 17. exf6 Nxf6 18. Ne5 Ne4 19. Bf4 Rf8 20. Rf1 Bxe5 21.
Bxe5 Rxf1+ 22. Kxf1 Qe7 23. g3 Bd7 24. Qe2 Rf8+ 25. Bf4 Nxg3+ 26. Ke1 Nxe2 27.
Kxe2 Rxf4 28. Bd3 Qxh4 29. Kd1 Qf2 30. Be2 Re4 31. Kc2 Ba4+ 32. b3 Rxe2+ 33.
Kb1 0-1

[Event "Chigorin Memorial"]
[Site "St Petersburg"]
[Date "2015.10.09"]
[Round "7.157"]
[White "Sapegin, Yaroslav"]
[Black "Babanin, Gleb"]
[Result "0-1"]
[WhiteElo "1769"]
[BlackElo "1941"]
[PlyCount "74"]
[EventDate "2015.10.03"]
[EventRounds "9"]
[EventCountry "RUS"]

1. d4 Nf6 2. Nc3 d5 3. Bg5 Bf5 4. Bxf6 exf6 5. e3 c6 6. Bd3 Bxd3 7. cxd3 Bd6 8.
Nf3 O-O 9. e4 Re8 10. O-O dxe4 11. dxe4 Nd7 12. Re1 Bf8 13. Qc2 Qa5 14. Rad1
Nb6 15. Nd2 Rad8 16. Nb3 Qh5 17. Re3 Bd6 18. Rh3 Qg6 19. Qc1 Nd7 20. Rdd3 f5
21. e5 Bf8 22. Rdg3 Qe6 23. Qg5 g6 24. Rh5 Bg7 25. Rh4 Bf6 26. Qh6 Bxh4 27.
Qxh4 f6 28. f4 fxe5 29. dxe5 Qe7 30. Qh3 Kh8 31. Rxg6 Nxe5 32. fxe5 Qxe5 33.
Qh4 Qe3+ 34. Kf1 Qd3+ 35. Kg1 Qe3+ 36. Kf1 Rd1+ 37. Nxd1 Qe2+ 0-1

[Event "Chigorin Memorial"]
[Site "St Petersburg"]
[Date "2015.10.09"]
[Round "7.158"]
[White "Kozyakov, Andrey"]
[Black "Dushin, Nikolay"]
[Result "0-1"]
[WhiteElo "1628"]
[BlackElo "1936"]
[PlyCount "90"]
[EventDate "2015.10.03"]
[EventRounds "9"]
[EventCountry "RUS"]

1. e4 c5 2. Nf3 a6 3. d4 cxd4 4. Nxd4 Nf6 5. Nc3 e5 6. Nf3 Bb4 7. Bd2 Nc6 8.
Bd3 d5 9. Nxd5 Nxd5 10. exd5 Qxd5 11. Bxb4 Nxb4 12. Qe2 Nxd3+ 13. Qxd3 Qxd3 14.
cxd3 f6 15. Rc1 Kd8 16. Ke2 Be6 17. b3 Re8 18. Nd2 Re7 19. Rc3 Rc8 20. Rhc1
Rxc3 21. Rxc3 Rd7 22. Ne4 Rd4 23. f3 b6 24. Rc6 Bc8 25. Nd6 Kd7 26. Rxc8 Kxd6
27. Rg8 g6 28. Rg7 Rh4 29. h3 a5 30. Rb7 Rb4 31. Rxh7 a4 32. bxa4 Rxa4 33. Rh6
Rxa2+ 34. Kf1 b5 35. Rxg6 b4 36. Rxf6+ Kc5 37. Rf8 b3 38. Rb8 b2 39. g4 Kd5 40.
h4 Ra1+ 41. Kg2 b1=Q 42. Rxb1 Rxb1 43. g5 Ke6 44. Kh3 Kf5 45. Kg3 Rd1 0-1

[Event "Chigorin Memorial"]
[Site "St Petersburg"]
[Date "2015.10.09"]
[Round "7.159"]
[White "Borunova, Tatiana"]
[Black "Sakorenko, Adriana"]
[Result "1/2-1/2"]
[WhiteElo "1599"]
[BlackElo "1935"]
[PlyCount "75"]
[EventDate "2015.10.03"]
[EventRounds "9"]
[EventCountry "RUS"]

1. e4 c5 2. Nc3 e6 3. d3 d5 4. exd5 exd5 5. d4 cxd4 6. Qxd4 Nf6 7. Bg5 Be7 8.
Bd3 Nc6 9. Qh4 Nb4 10. O-O-O Nxd3+ 11. Rxd3 Be6 12. Nf3 Ng8 13. Bxe7 Nxe7 14.
Re1 O-O 15. Ng5 Bf5 16. Rf3 h6 17. Nh3 Bxh3 18. Rxh3 Nc6 19. Rd1 d4 20. Nb5 Qa5
21. Nxd4 Nxd4 22. Rxd4 Qxa2 23. Ra3 Qe6 24. Re4 Qc6 25. Kb1 Rad8 26. Rd4 Rxd4
27. Qxd4 a6 28. Rg3 f6 29. Qg4 Qc7 30. Qg6 Rf7 31. Rh3 Rd7 32. Qe8+ Kh7 33.
Qe4+ Kg8 34. Qe8+ Kh7 35. Qe4+ Kg8 36. Qe8+ Kh7 37. Qe4+ Kg8 38. Qe8+ 1/2-1/2

[Event "Chigorin Memorial"]
[Site "St Petersburg"]
[Date "2015.10.09"]
[Round "7.160"]
[White "Smorodkin, Kirill"]
[Black "Shmoilov, Dmitry"]
[Result "0-1"]
[WhiteElo "1516"]
[BlackElo "1934"]
[PlyCount "114"]
[EventDate "2015.10.03"]
[EventRounds "9"]
[EventCountry "RUS"]

1. e4 c6 2. Nc3 d5 3. Qe2 dxe4 4. Nxe4 Nf6 5. Nxf6+ gxf6 6. Nf3 Bf5 7. b3 a5 8.
Bb2 Qd6 9. d3 Nd7 10. g3 Bg4 11. Bg2 Ne5 12. O-O Ng6 13. Qe3 h5 14. Qd4 e5 15.
Qxd6 Bxd6 16. Rae1 h4 17. d4 Bxf3 18. Bxf3 hxg3 19. fxg3 O-O-O 20. c3 Be7 21.
Bg4+ Kc7 22. Bf5 Rh5 23. c4 Bb4 24. Rd1 exd4 25. Be4 Re5 26. Bd3 Be7 27. Bc1
Rh5 28. Rde1 Ne5 29. Bf4 Rf8 30. g4 Rh3 31. Bg3 Bd6 32. Kg2 Rxg3+ 33. hxg3 Nxd3
34. Rd1 Nb4 35. Rxd4 Be5 36. Rd2 Rg8 37. Kf3 c5 38. Rfd1 Bd4 39. Re2 Nc6 40.
Kf4 Be5+ 41. Ke3 Rxg4 42. Kf2 Bxg3+ 43. Kf3 Rg5 44. Rg2 Nd4+ 45. Ke4 f5+ 46.
Kd3 f4 47. Rdg1 Re5 48. Rh1 Nf3 49. Re2 Rxe2 50. Kxe2 Nd4+ 51. Kd1 Kd6 52. Rh6+
Ke5 53. Rb6 f3 54. Rxb7 f5 55. Rc7 Ke4 56. Rxc5 Nc2 57. Rxa5 Ne3+ 0-1

[Event "Chigorin Memorial"]
[Site "St Petersburg"]
[Date "2015.10.09"]
[Round "7.162"]
[White "Sorokopudov, Vladimir M"]
[Black "Chechetko, Georgy"]
[Result "1-0"]
[WhiteElo "2078"]
[BlackElo "1827"]
[PlyCount "25"]
[EventDate "2015.10.03"]
[EventRounds "9"]
[EventCountry "RUS"]

1. d4 Nf6 2. c4 g6 3. Nc3 Bg7 4. g3 c5 5. d5 d6 6. Bg2 a6 7. a4 O-O 8. Nf3 Qa5
9. O-O Qb4 10. Nd2 Nbd7 11. Ra3 Ne5 12. a5 Nxc4 13. Nxc4 1-0

[Event "Chigorin Memorial"]
[Site "St Petersburg"]
[Date "2015.10.09"]
[Round "7.163"]
[White "Matchenya, Ivan"]
[Black "Gantsevich, Aleksei"]
[Result "0-1"]
[WhiteElo "1795"]
[BlackElo "2036"]
[PlyCount "96"]
[EventDate "2015.10.03"]
[EventRounds "9"]
[EventCountry "RUS"]

1. e4 e5 2. Nf3 d6 3. d4 exd4 4. Nxd4 Nf6 5. Nc3 Be7 6. Bf4 O-O 7. Qd2 a6 8.
O-O-O b5 9. f3 b4 10. Nce2 c5 11. Nb3 c4 12. Na1 Qa5 13. Kb1 Be6 14. Nd4 d5 15.
Bxb8 c3 16. Qc1 Raxb8 17. Nc6 Qc7 18. Nxb8 Rxb8 19. Bd3 dxe4 20. fxe4 Ng4 21.
Rdf1 cxb2 22. Qxb2 Bf6 23. Rxf6 Nxf6 24. Nb3 a5 25. Nd4 Bd7 26. Qc1 a4 27. h3
Qe5 28. Nf3 Qc5 29. g4 Be6 30. g5 Nd7 31. h4 Qb6 32. Qb2 b3 33. cxb3 axb3 34.
axb3 Qe3 35. Qe2 Rxb3+ 36. Kc2 Qc5+ 37. Kd1 Qc3 38. Ne1 Ne5 39. Qc2 Bg4+ 40.
Kc1 Qa1+ 41. Kd2 Rb2 42. Rf1 Qd1+ 43. Kc3 Rxc2+ 44. Bxc2 Qa1+ 45. Kd2 Qd4+ 46.
Kc1 Nc4 47. Nd3 Qe3+ 48. Kb1 Nd2+ 0-1

[Event "Chigorin Memorial"]
[Site "St Petersburg"]
[Date "2015.10.09"]
[Round "7.164"]
[White "Golovkina, Anastasia"]
[Black "Nochovniy, Vladimir"]
[Result "1-0"]
[WhiteElo "1790"]
[BlackElo "2018"]
[PlyCount "85"]
[EventDate "2015.10.03"]
[EventRounds "9"]
[EventCountry "RUS"]

1. e4 c5 2. Nf3 Nc6 3. d4 cxd4 4. Nxd4 Nf6 5. Nc3 d6 6. Bg5 e6 7. Qd2 Be7 8.
O-O-O a6 9. f3 Bd7 10. g4 O-O 11. h4 Qc7 12. Be3 Rfd8 13. h5 Ne5 14. g5 Ne8 15.
Kb1 b5 16. Bd3 b4 17. Nce2 Nxd3 18. cxd3 d5 19. e5 Ba4 20. Rdg1 g6 21. hxg6
hxg6 22. f4 Rdc8 23. Ng3 Bf8 24. Qh2 Bg7 25. f5 exf5 26. Ngxf5 gxf5 27. Qh7+
Kf8 28. Nxf5 Bc2+ 29. Ka1 Qxe5 30. Bd4 Qxd4 31. Nxd4 Bxd4 32. Rf1 Bg7 33. Qf5
Rc7 34. Rh2 Rac8 35. Rxc2 Nd6 36. Rxc7 Rxc7 37. Qxd5 Ke7 38. Re1+ Kd7 39. Kb1
Rb7 40. Rc1 Bf8 41. Qc6+ Kd8 42. Qxa6 Be7 43. Rc6 1-0

[Event "Chigorin Memorial"]
[Site "St Petersburg"]
[Date "2015.10.09"]
[Round "7.166"]
[White "Toporkova, Sofia"]
[Black "Yun, Vyacheslav"]
[Result "1/2-1/2"]
[WhiteElo "1950"]
[BlackElo "1770"]
[PlyCount "109"]
[EventDate "2015.10.03"]
[EventRounds "9"]
[EventCountry "RUS"]

1. c4 e6 2. d4 d5 3. Nc3 c5 4. cxd5 exd5 5. Nf3 Nc6 6. g3 Nf6 7. Bg2 Bg4 8. Bg5
Bxf3 9. Bxf3 Nxd4 10. Bxd5 Be7 11. Bxf6 Bxf6 12. Qa4+ b5 13. Nxb5 O-O 14. Bg2
Rb8 15. Nxd4 Bxd4 16. O-O Rxb2 17. Rae1 Qf6 18. e3 Bc3 19. Rb1 Bb4 20. Qxa7 c4
21. Qd4 Qxd4 22. exd4 c3 23. Be4 Ba3 24. Rxb2 cxb2 25. Kg2 Rc8 26. Re1 Rc1 27.
Re3 Bf8 28. Rb3 Rc4 29. Rxb2 Rxd4 30. Bc6 Rc4 31. Bb5 Rc7 32. a4 Ra7 33. g4 g6
34. Kf3 Kg7 35. Ke4 Bc5 36. Bc6 Ra5 37. f3 Bd6 38. h3 f5+ 39. Kd3 fxg4 40. fxg4
h5 41. Rb6 Bc5 42. Rb5 Rxb5 43. Bxb5 hxg4 44. hxg4 Kf6 45. Kc4 Be3 46. Kd5 Ke7
47. Kc6 Kd8 48. Bd3 g5 49. Bf5 Bd2 50. Kb6 Be3+ 51. Kb7 Bd2 52. Kc6 Be1 53. Be6
Bd2 54. Kb6 Be3+ 55. Kb7 1/2-1/2

[Event "Chigorin Memorial"]
[Site "St Petersburg"]
[Date "2015.10.09"]
[Round "7.167"]
[White "Shakirova, Renata"]
[Black "Lemeshev, Roman"]
[Result "1-0"]
[WhiteElo "1932"]
[BlackElo "1763"]
[PlyCount "37"]
[EventDate "2015.10.03"]
[EventRounds "9"]
[EventCountry "RUS"]

1. e4 e5 2. Nf3 Nc6 3. Bb5 a6 4. Ba4 g6 5. d3 Bg7 6. Nc3 Nge7 7. Bg5 h6 8. Bd2
O-O 9. Bb3 Kh7 10. h4 d6 11. h5 g5 12. Bxg5 hxg5 13. Nxg5+ Kg8 14. h6 Bxh6 15.
Rxh6 d5 16. Qh5 Kg7 17. Rh7+ Kf6 18. Qh6+ Ng6 19. Nxd5+ 1-0

[Event "Chigorin Memorial"]
[Site "St Petersburg"]
[Date "2015.10.09"]
[Round "7.168"]
[White "Scheglov, Dmitry"]
[Black "Zakharov, Yuri"]
[Result "1-0"]
[WhiteElo "1910"]
[BlackElo "1733"]
[PlyCount "65"]
[EventDate "2015.10.03"]
[EventRounds "9"]
[EventCountry "RUS"]

1. e4 d6 2. d4 Nf6 3. Nc3 g6 4. Be3 Bg7 5. f3 c6 6. Qd2 h5 7. O-O-O b5 8. Bd3
Qc7 9. e5 b4 10. Ne4 Nd5 11. exd6 exd6 12. Ne2 Nxe3 13. Qxe3 Kf8 14. Qf4 Bh6
15. Ng5 Qe7 16. h4 Kg7 17. Ng3 f6 18. Rde1 Qf7 19. Qxd6 Re8 20. f4 fxg5 21.
fxg5 Bxg5+ 22. hxg5 Re6 23. Rxe6 Qxe6 24. Qxb4 Qe3+ 25. Kb1 Na6 26. Qd6 Qxg5
27. Ne4 Qxg2 28. Qf6+ Kg8 29. Bc4+ Be6 30. Bxe6+ Kh7 31. Ng5+ Kh6 32. Nf7+ Kh7
33. Rxh5+ 1-0

[Event "Chigorin Memorial"]
[Site "St Petersburg"]
[Date "2015.10.09"]
[Round "7.169"]
[White "Zolotyh, Lev"]
[Black "Shadunts, Kirill"]
[Result "1-0"]
[WhiteElo "1906"]
[BlackElo "1715"]
[PlyCount "119"]
[EventDate "2015.10.03"]
[EventRounds "9"]
[EventCountry "RUS"]

1. e4 c5 2. Nf3 Nc6 3. c3 d5 4. exd5 Qxd5 5. d4 Nf6 6. Be2 cxd4 7. cxd4 e6 8.
O-O Be7 9. Nc3 Qd8 10. Be3 O-O 11. Ne5 Nxe5 12. dxe5 Nd7 13. f4 a6 14. Ne4 Qa5
15. a3 Rd8 16. b4 Qc7 17. Rc1 Qb8 18. Qb3 b5 19. Nc5 Nxc5 20. Bxc5 Bxc5+ 21.
bxc5 Qa7 22. Kh1 Qc7 23. c6 Ra7 24. Rfd1 Qe7 25. Rxd8+ Qxd8 26. Rd1 Qc7 27. Qd3
f6 28. Qd6 Kf7 29. Bh5+ g6 30. Be2 Qxd6 31. exd6 Ke8 32. Kg1 e5 33. d7+ Bxd7
34. cxd7+ Rxd7 35. Rxd7 Kxd7 36. fxe5 fxe5 37. Kf2 Kd6 38. Ke3 Kd5 39. Kd3 e4+
40. Ke3 Ke5 41. g3 Kd5 42. h3 Ke5 43. Bd1 a5 44. Be2 b4 45. axb4 axb4 46. Bc4
h5 47. Bb3 h4 48. g4 g5 49. Bc2 Kd5 50. Bxe4+ Ke5 51. Bc2 Kd6 52. Kd4 Ke6 53.
Ke4 Kf6 54. Bb3 Kg6 55. Ke5 Kg7 56. Kf5 Kh6 57. Kf6 Kh7 58. Kxg5 Kg7 59. Kxh4
Kh6 60. g5+ 1-0